000 01032nam a2200277Ia 4500
003 OSt
005 20221005110013.0
006 a|||||r|||| 00| 0
007 ta
008 221004b |||||||| |||| 00| 0 hin d
020 _a8172017138 (pbk)
_c100
024 _a92061
037 _b524, 19/03/2009, Vani Prakashan
_cTextual
040 _aCRL
_cCRL
_bhin
041 _2hin
_ahin
082 _aO152,3M91:g, N9
100 _aस्नातक, वियेन्द्र
245 0 _aचतुरसेन शास्त्री
246 _aChaturasen shāstrī
260 _aनई दिल्ली
_bसाहित्य अकादेमी भारत
_c1999
300 _a69पृ0
_ccm.
490 _aभारतीय साहित्य के निर्माता
650 _aहिन्दी साहित्य
942 _hO152,3M91:g, N9
_cTEXL
_2cc
999 _c1017492
_d1017492